[Event "DEM U10 2018"]
[Site "Willingen GER"]
[Date "2018.05.21"]
[Round "4"]
[White "Möller, Maurin"]
[Black "Krüger, Arthur"]
[Result "1/2-1/2"]
[Termination "normal"]
[Board "1"]
[WhiteElo "1500"]
[BlackElo "1549"]
[WhiteClock "00:46:50"]
[BlackClock "00:04:28"]
[PlyCount "96"]
[WhiteFideId "16265696"]
[BlackFideId "16244966"]
[EventCountry "GER"]
[EventRounds "11"]
[EventType "swiss"]
[EventDate "2018.05.19"]

1. e4 {[%clk 1:15:59]} 1... e5 {[%clk 1:15:46]} 2. Nf3 {[%clk 1:16:25]} 2...
Nc6 {[%clk 1:15:36]} 3. Bc4 {[%clk 1:16:48]} 3... Bc5 {[%clk 1:15:40]} 4. c3 {
[%clk 1:17:13]} 4... Nf6 {[%clk 1:15:17]} 5. d3 {[%clk 1:17:38]} 5... O-O {
[%clk 1:14:33]} 6. O-O {[%clk 1:18:01]} 6... h6 {[%clk 1:13:45]} 7. h3 { [%clk
1:18:23]} 7... d6 {[%clk 1:13:37]} 8. Bb3 {[%clk 1:18:43]} 8... Re8 { [%clk
1:13:05]} 9. Re1 {[%clk 1:18:54]} 9... a6 {[%clk 1:11:48]} 10. Nbd2 { [%clk
1:19:16]} 10... Be6 {[%clk 1:10:56]} 11. Bc2 {[%clk 1:19:29]} 11... Qd7 { [%clk
1:08:00]} 12. Nf1 {[%clk 1:19:27]} 12... Ne7 {[%clk 1:04:52]} 13. Be3 { [%clk
1:19:40]} 13... Bxe3 {[%clk 1:04:44]} 14. Nxe3 {[%clk 1:20:05]} 14... Ng6
{[%clk 1:04:06]} 15. d4 {[%clk 1:13:21]} 15... c6 {[%clk 0:57:14]} 16. Nf5 {
[%clk 1:08:11]} 16... Rad8 {[%clk 0:53:16]} 17. Qd2 {[%clk 1:06:34]} 17... Kh7
{[%clk 0:50:30]} 18. Rad1 {[%clk 1:06:55]} 18... Nxe4 {[%clk 0:47:58]} 19. Bxe4
{[%clk 1:06:27]} 19... Bxf5 {[%clk 0:47:55]} 20. dxe5 {[%clk 1:06:39]} 20...
Nxe5 {[%clk 0:46:00]} 21. Nxe5 {[%clk 1:05:52]} 21... Rxe5 {[%clk 0:44:58]} 22.
Bxf5+ {[%clk 1:04:04]} 22... Qxf5 {[%clk 0:44:17]} 23. Rxe5 {[%clk 1:03:17]}
23... Qxe5 {[%clk 0:44:37]} 24. Qc2+ {[%clk 1:03:35]} 24... Kg8 {[%clk 0:43:14]
} 25. Qb3 {[%clk 1:02:54]} 25... Rd7 {[%clk 0:42:17]} 26. Qc2 {[%clk 0:55:30]}
26... Re7 {[%clk 0:39:35]} 27. Kf1 {[%clk 0:54:32]} 27... d5 {[%clk 0:36:21]}
28. Qd2 {[%clk 0:53:49]} 28... Qh2 {[%clk 0:33:05]} 29. f3 {[%clk 0:54:14]}
29... b5 {[%clk 0:32:05]} 30. Kf2 {[%clk 0:54:31]} 30... Qd6 {[%clk 0:29:47]}
31. b4 {[%clk 0:54:13]} 31... f6 {[%clk 0:26:46]} 32. Qd4 {[%clk 0:54:18]}
32... Qe5 {[%clk 0:25:51]} 33. Qd3 {[%clk 0:54:26]} 33... Qf4 {[%clk 0:24:51]}
34. g3 {[%clk 0:54:12]} 34... Qe5 {[%clk 0:23:36]} 35. a3 {[%clk 0:54:12]}
35... f5 {[%clk 0:22:04]} 36. Qd2 {[%clk 0:50:33]} 36... Qf6 {[%clk 0:20:58]}
37. h4 {[%clk 0:49:15]} 37... f4 {[%clk 0:18:22]} 38. Qxf4 {[%clk 0:47:07]}
38... Qxc3 {[%clk 0:18:08]} 39. Qc1 {[%clk 0:47:31]} 39... Qxc1 {[%clk 0:16:48]
} 40. Rxc1 {[%clk 0:47:55]} 40... Re6 {[%clk 0:16:17]} 41. a4 {[%clk 0:44:59]}
41... Kf7 {[%clk 0:14:56]} 42. axb5 {[%clk 0:45:18]} 42... axb5 {[%clk 0:15:17]
} 43. f4 {[%clk 0:45:30]} 43... g6 {[%clk 0:14:25]} 44. g4 {[%clk 0:45:49]}
44... Kf6 {[%clk 0:13:08]} 45. Kf3 {[%clk 0:46:04]} 45... h5 {[%clk 0:12:09]}
46. Rc2 {[%clk 0:46:18]} 46... d4 {[%clk 0:11:20]} 47. g5+ {[%clk 0:46:31]}
47... Ke7 {[%clk 0:10:36]} 48. Rd2 {[%clk 0:46:50]} 48... Rd6 {[%clk 0:04:28]}
1/2-1/2

[Event "DEM U10 2018"]
[Site "Willingen GER"]
[Date "2018.05.21"]
[Round "4"]
[White "Costa, Leonardo"]
[Black "Müller, Maximilian"]
[Result "0-1"]
[Termination "normal"]
[Board "2"]
[WhiteElo "1848"]
[BlackElo "1497"]
[WhiteClock "00:14:16"]
[BlackClock "00:52:33"]
[PlyCount "103"]
[WhiteFideId "16213955"]
[BlackFideId "16243552"]
[EventCountry "GER"]
[EventRounds "11"]
[EventType "swiss"]
[EventDate "2018.05.19"]

1. e4 {[%clk 1:15:58]} 1... e6 {[%clk 1:15:56]} 2. d3 {[%clk 1:16:21]} 2... d5
{[%clk 1:16:06]} 3. Nd2 {[%clk 1:16:44]} 3... Bc5 {[%clk 1:15:24]} 4. Ngf3 {
[%clk 1:16:51]} 4... Nc6 {[%clk 1:15:37]} 5. g3 {[%clk 1:17:00]} 5... Nf6 {
[%clk 1:15:54]} 6. Bg2 {[%clk 1:16:55]} 6... O-O {[%clk 1:15:59]} 7. O-O {
[%clk 1:16:58]} 7... dxe4 {[%clk 1:15:41]} 8. dxe4 {[%clk 1:13:40]} 8... e5 {
[%clk 1:11:46]} 9. c3 {[%clk 1:10:39]} 9... a5 {[%clk 1:11:03]} 10. Qc2 { [%clk
1:09:59]} 10... Be6 {[%clk 1:10:00]} 11. Ng5 {[%clk 1:08:54]} 11... Qe7 { [%clk
1:08:20]} 12. Nxe6 {[%clk 1:06:08]} 12... Qxe6 {[%clk 1:08:43]} 13. Qb3 { [%clk
0:56:42]} 13... Qxb3 {[%clk 1:08:12]} 14. axb3 {[%clk 0:57:06]} 14... b5 {[%clk
1:07:14]} 15. Nf3 {[%clk 0:47:50]} 15... h6 {[%clk 1:03:00]} 16. Nh4 { [%clk
0:44:43]} 16... Rfd8 {[%clk 0:59:47]} 17. Nf5 {[%clk 0:44:08]} 17... Rd7 {[%clk
0:56:50]} 18. Be3 {[%clk 0:40:58]} 18... Bxe3 {[%clk 0:56:55]} 19. Nxe3 {[%clk
0:40:52]} 19... g6 {[%clk 0:56:50]} 20. Nd5 {[%clk 0:36:26]} 20... Ne8 { [%clk
0:49:31]} 21. Rfd1 {[%clk 0:29:08]} 21... Rad8 {[%clk 0:48:35]} 22. Bf1 { [%clk
0:27:35]} 22... Kg7 {[%clk 0:41:16]} 23. Bxb5 {[%clk 0:27:37]} 23... Rd6 {[%clk
0:41:43]} 24. Bxc6 {[%clk 0:26:39]} 24... Rxc6 {[%clk 0:42:01]} 25. Rxa5 {[%clk
0:26:59]} 25... Nf6 {[%clk 0:42:16]} 26. f3 {[%clk 0:26:40]} 26... Rb6 { [%clk
0:40:57]} 27. b4 {[%clk 0:26:34]} 27... Rbd6 {[%clk 0:39:24]} 28. Raa1 { [%clk
0:22:49]} 28... Nxd5 {[%clk 0:39:05]} 29. Rxd5 {[%clk 0:23:06]} 29... Rxd5
{[%clk 0:39:31]} 30. exd5 {[%clk 0:23:33]} 30... Rxd5 {[%clk 0:39:55]} 31. Rf1
{[%clk 0:23:01]} 31... f5 {[%clk 0:39:26]} 32. Rf2 {[%clk 0:22:56]} 32... Kf6
{[%clk 0:39:40]} 33. Re2 {[%clk 0:23:03]} 33... g5 {[%clk 0:39:14]} 34. Kf2
{[%clk 0:23:14]} 34... f4 {[%clk 0:37:20]} 35. g4 {[%clk 0:22:28]} 35... Rd3 {
[%clk 0:36:32]} 36. b5 {[%clk 0:16:43]} 36... Ke6 {[%clk 0:36:23]} 37. c4 {
[%clk 0:16:32]} 37... Rb3 {[%clk 0:36:44]} 38. Rd2 {[%clk 0:15:42]} 38... Ke7 {
[%clk 0:36:15]} 39. h3 {[%clk 0:15:41]} 39... Rb4 {[%clk 0:36:34]} 40. Rc2 {
[%clk 0:13:18]} 40... Ke6 {[%clk 0:35:58]} 41. b3 {[%clk 0:09:44]} 41... Rxb3 {
[%clk 0:36:03]} 42. Ra2 {[%clk 0:10:08]} 42... Kf7 {[%clk 0:34:33]} 43. Ra7 {
[%clk 0:10:17]} 43... Rb2+ {[%clk 0:34:57]} 44. Ke1 {[%clk 0:10:16]} 44... Rb1+
{[%clk 0:35:13]} 45. Kd2 {[%clk 0:10:10]} 45... Rb2+ {[%clk 0:35:37]} 46. Kc1 {
[%clk 0:10:09]} 46... Rf2 {[%clk 0:36:01]} 47. Rxc7+ {[%clk 0:09:57]} 47... Kf6
{[%clk 0:36:24]} 48. b6 {[%clk 0:09:58]} 48... Rxf3 {[%clk 0:36:20]} 49. b7 {
[%clk 0:10:26]} 49... Rb3 {[%clk 0:36:47]} 50. c5 {[%clk 0:09:51]} 50... f3 {
[%clk 0:37:08]} 51. Rc8 {[%clk 0:13:52]} 51... Rxb7 {[%clk 0:52:33]} 52. Rf8+ {
[%clk 0:14:16]} 0-1

[Event "DEM U10 2018"]
[Site "Willingen GER"]
[Date "2018.05.21"]
[Round "4"]
[White "Krüger, Aurelian"]
[Black "Strehse, Nelson"]
[Result "1/2-1/2"]
[Termination "normal"]
[Board "4"]
[WhiteElo "1469"]
[BlackElo "1201"]
[WhiteClock "00:02:51"]
[BlackClock "00:12:07"]
[PlyCount "79"]
[WhiteFideId "16230400"]
[BlackFideId "16228898"]
[EventCountry "GER"]
[EventRounds "11"]
[EventType "swiss"]
[EventDate "2018.05.19"]

1. d4 {[%clk 1:15:58]} 1... d5 {[%clk 1:15:43]} 2. Bf4 {[%clk 1:16:21]} 2...
Nf6 {[%clk 1:14:46]} 3. e3 {[%clk 1:16:34]} 3... e6 {[%clk 1:14:41]} 4. c3 {
[%clk 1:15:32]} 4... Bd6 {[%clk 1:14:05]} 5. Bg3 {[%clk 1:13:34]} 5... O-O {
[%clk 1:13:48]} 6. Bd3 {[%clk 1:13:09]} 6... b6 {[%clk 1:13:41]} 7. Nf3 { [%clk
1:12:24]} 7... Bb7 {[%clk 1:12:56]} 8. Bxd6 {[%clk 1:12:12]} 8... Qxd6 { [%clk
1:13:14]} 9. O-O {[%clk 1:12:18]} 9... Nbd7 {[%clk 1:13:34]} 10. Nbd2 { [%clk
1:11:35]} 10... c5 {[%clk 1:13:37]} 11. Qe2 {[%clk 1:08:05]} 11... Rac8 { [%clk
1:00:04]} 12. Rac1 {[%clk 1:00:58]} 12... Rfe8 {[%clk 0:56:47]} 13. Rfd1 {[%clk
0:54:19]} 13... Qe7 {[%clk 0:56:48]} 14. Bb5 {[%clk 0:51:39]} 14... Bc6 {[%clk
0:56:05]} 15. Bxc6 {[%clk 0:50:55]} 15... Rxc6 {[%clk 0:56:18]} 16. Ne1 {[%clk
0:45:38]} 16... Rec8 {[%clk 0:53:29]} 17. f4 {[%clk 0:43:32]} 17... Ne8 {[%clk
0:42:31]} 18. Ndf3 {[%clk 0:41:59]} 18... Nd6 {[%clk 0:39:53]} 19. Nd3 { [%clk
0:40:02]} 19... f6 {[%clk 0:38:42]} 20. Rc2 {[%clk 0:31:00]} 20... Ne4 { [%clk
0:30:27]} 21. Nf2 {[%clk 0:30:52]} 21... Nxf2 {[%clk 0:29:56]} 22. Kxf2 { [%clk
0:29:21]} 22... c4 {[%clk 0:28:35]} 23. e4 {[%clk 0:28:19]} 23... Re8 { [%clk
0:28:06]} 24. Re1 {[%clk 0:27:55]} 24... Kf7 {[%clk 0:26:37]} 25. Kg1 { [%clk
0:25:18]} 25... Rc7 {[%clk 0:22:08]} 26. Qe3 {[%clk 0:19:33]} 26... Nb8 { [%clk
0:21:16]} 27. Rce2 {[%clk 0:18:32]} 27... Rd7 {[%clk 0:19:56]} 28. Qf2 { [%clk
0:17:21]} 28... Nc6 {[%clk 0:17:25]} 29. e5 {[%clk 0:11:43]} 29... fxe5 { [%clk
0:15:40]} 30. fxe5 {[%clk 0:11:19]} 30... Kg8 {[%clk 0:15:21]} 31. Qg3 { [%clk
0:10:32]} 31... Nd8 {[%clk 0:15:04]} 32. Rf1 {[%clk 0:09:32]} 32... Rf8 { [%clk
0:15:14]} 33. Ref2 {[%clk 0:09:26]} 33... Qe8 {[%clk 0:14:01]} 34. Ng5 { [%clk
0:06:56]} 34... Rxf2 {[%clk 0:13:49]} 35. Rxf2 {[%clk 0:04:58]} 35... Nf7
{[%clk 0:13:59]} 36. Nh3 {[%clk 0:02:51]} 36... Nh6 {[%clk 0:13:17]} 37. Nf4
37... Rf7 {[%clk 0:12:07]} 38. Qh3 Rf5 39. Qg3 Qf7 40. h4 1/2-1/2

[Event "DEM U10 2018"]
[Site "Willingen GER"]
[Date "2018.05.21"]
[Round "4"]
[White "Klaska, Philipp Leon"]
[Black "Grabs, Peter"]
[Result "0-1"]
[Termination "normal"]
[Board "5"]
[BlackTitle "CM"]
[WhiteElo "1272"]
[BlackElo "1480"]
[WhiteClock "00:25:54"]
[BlackClock "00:07:14"]
[PlyCount "122"]
[WhiteFideId "16238044"]
[BlackFideId "16203887"]
[EventCountry "GER"]
[EventRounds "11"]
[EventType "swiss"]
[EventDate "2018.05.19"]

1. e4 {[%clk 1:15:58]} 1... e6 {[%clk 1:15:55]} 2. d4 {[%clk 1:16:23]} 2... d5
{[%clk 1:16:22]} 3. Nd2 {[%clk 1:16:49]} 3... Nf6 {[%clk 1:16:47]} 4. Bd3 {
[%clk 1:17:02]} 4... c5 {[%clk 1:17:00]} 5. c3 {[%clk 1:17:24]} 5... Nc6 {
[%clk 1:17:08]} 6. Ngf3 {[%clk 1:16:58]} 6... dxe4 {[%clk 1:16:46]} 7. Nxe4 {
[%clk 1:17:00]} 7... cxd4 {[%clk 1:16:28]} 8. cxd4 {[%clk 1:17:09]} 8... Nxe4 {
[%clk 1:15:58]} 9. Bxe4 {[%clk 1:17:29]} 9... Bb4+ {[%clk 1:15:56]} 10. Bd2 {
[%clk 1:17:16]} 10... Bxd2+ {[%clk 1:15:19]} 11. Qxd2 {[%clk 1:17:37]} 11...
Qb6 {[%clk 1:13:38]} 12. O-O {[%clk 1:16:06]} 12... O-O {[%clk 1:13:59]} 13.
Rac1 {[%clk 1:14:06]} 13... Bd7 {[%clk 1:13:42]} 14. Rfd1 {[%clk 1:12:04]}
14... Rac8 {[%clk 1:10:47]} 15. b3 {[%clk 1:07:06]} 15... Ne7 {[%clk 1:08:44]}
16. Ne5 {[%clk 1:03:14]} 16... Rxc1 {[%clk 1:03:19]} 17. Rxc1 {[%clk 1:02:47]}
17... Rd8 {[%clk 1:02:10]} 18. Qf4 {[%clk 0:55:59]} 18... f6 {[%clk 0:55:06]}
19. Nc4 {[%clk 0:54:21]} 19... Qb5 {[%clk 0:41:29]} 20. Nd6 {[%clk 0:47:13]}
20... Qe2 {[%clk 0:13:57]} 21. Nxb7 {[%clk 0:44:19]} 21... Rc8 {[%clk 0:13:46]}
22. Rxc8+ {[%clk 0:42:22]} 22... Bxc8 {[%clk 0:13:14]} 23. h3 {[%clk 0:40:15]}
23... Bxb7 {[%clk 0:07:01]} 24. Bxb7 {[%clk 0:40:22]} 24... Qxa2 { [%clk
0:06:38]} 25. Qe3 {[%clk 0:39:13]} 25... Qa1+ {[%clk 0:05:42]} 26. Kh2 { [%clk
0:39:33]} 26... Kf7 {[%clk 0:05:58]} 27. Qd3 {[%clk 0:37:10]} 27... Nf5 { [%clk
0:05:02]} 28. d5 {[%clk 0:35:58]} 28... Qe5+ {[%clk 0:04:41]} 29. Kg1 { [%clk
0:34:17]} 29... Qe1+ {[%clk 0:05:06]} 30. Kh2 {[%clk 0:34:13]} 30... Qe5+
{[%clk 0:05:32]} 31. g3 {[%clk 0:34:05]} 31... exd5 {[%clk 0:04:41]} 32. Qxd5+
{[%clk 0:32:58]} 32... Qxd5 {[%clk 0:04:55]} 33. Bxd5+ {[%clk 0:33:22]} 33...
Ke7 {[%clk 0:05:02]} 34. Be4 {[%clk 0:33:43]} 34... g6 {[%clk 0:05:22]} 35. g4
{[%clk 0:33:28]} 35... Nd6 {[%clk 0:05:45]} 36. Bd5 {[%clk 0:33:37]} 36... Nb5
{[%clk 0:06:03]} 37. f4 {[%clk 0:33:37]} 37... Kd6 {[%clk 0:06:05]} 38. Bg8 {
[%clk 0:33:42]} 38... h6 {[%clk 0:06:30]} 39. h4 {[%clk 0:33:55]} 39... g5 {
[%clk 0:06:42]} 40. Kg3 {[%clk 0:33:01]} 40... Nd4 {[%clk 0:06:43]} 41. fxg5 {
[%clk 0:32:19]} 41... fxg5 {[%clk 0:07:02]} 42. hxg5 {[%clk 0:31:29]} 42...
hxg5 {[%clk 0:07:26]} 43. Kf2 {[%clk 0:31:30]} 43... Ke5 {[%clk 0:07:36]} 44.
Ke3 {[%clk 0:31:30]} 44... Nc6 {[%clk 0:07:17]} 45. Bc4 {[%clk 0:31:11]} 45...
Nb4 {[%clk 0:07:04]} 46. Bf7 {[%clk 0:30:00]} 46... Nd5+ {[%clk 0:07:16]} 47.
Kf3 {[%clk 0:28:44]} 47... Kd4 {[%clk 0:07:05]} 48. Be6 {[%clk 0:28:23]} 48...
Nf4 {[%clk 0:06:31]} 49. Bc4 {[%clk 0:28:05]} 49... Nd3 {[%clk 0:06:56]} 50.
Bg8 {[%clk 0:26:42]} 50... Ne5+ {[%clk 0:07:15]} 51. Kg3 {[%clk 0:26:37]} 51...
Ke3 {[%clk 0:07:28]} 52. Bd5 {[%clk 0:26:41]} 52... Nd7 {[%clk 0:07:46]} 53.
Bc4 {[%clk 0:25:54]} 53... Nf6 {[%clk 0:07:19]} 54. Bf7 {[%clk 0:25:54]} 54...
Ne4+ {[%clk 0:07:14]} 55. Kg2 Kf4 56. Bh5 Nc5 57. b4 Na6 58. b5 Nc7 59. Kh3
Nxb5 60. Be8 Nc3 61. Bd7 a5 0-1

[Event "DEM U10 2018"]
[Site "Willingen GER"]
[Date "2018.05.21"]
[Round "4"]
[White "Helms, Finn"]
[Black "Deuer, Marius"]
[Result "1/2-1/2"]
[Termination "normal"]
[Board "6"]
[WhiteElo "1435"]
[BlackElo "1842"]
[WhiteClock "00:28:15"]
[BlackClock "00:08:28"]
[PlyCount "68"]
[WhiteFideId "16249143"]
[BlackFideId "16236432"]
[EventCountry "GER"]
[EventRounds "11"]
[EventType "swiss"]
[EventDate "2018.05.19"]

1. d4 {[%clk 1:15:59]} 1... Nf6 {[%clk 1:15:53]} 2. Bf4 {[%clk 1:16:24]} 2...
g6 {[%clk 1:16:16]} 3. e3 {[%clk 1:16:51]} 3... Bg7 {[%clk 1:16:41]} 4. c3 {
[%clk 1:17:16]} 4... O-O {[%clk 1:17:05]} 5. h3 {[%clk 1:17:44]} 5... d6 {
[%clk 1:17:28]} 6. Nf3 {[%clk 1:18:11]} 6... Nfd7 {[%clk 1:17:37]} 7. Bh2 {
[%clk 1:18:17]} 7... e5 {[%clk 1:16:23]} 8. Nbd2 {[%clk 1:18:17]} 8... Qe7 {
[%clk 1:05:14]} 9. dxe5 {[%clk 1:17:49]} 9... Nxe5 {[%clk 1:05:01]} 10. Nxe5 {
[%clk 1:17:09]} 10... dxe5 {[%clk 1:05:19]} 11. Be2 {[%clk 1:17:09]} 11... Nd7
{[%clk 1:05:13]} 12. Nf3 {[%clk 1:17:10]} 12... a5 {[%clk 1:04:31]} 13. a4 {
[%clk 1:17:07]} 13... Nc5 {[%clk 1:00:07]} 14. Bc4 {[%clk 1:07:17]} 14... Rd8 {
[%clk 0:53:16]} 15. Qe2 {[%clk 1:06:38]} 15... Bd7 {[%clk 0:49:50]} 16. Bb5
16... Bxb5 {[%clk 0:48:06]} 17. Qxb5 {[%clk 1:01:49]} 17... c6 {[%clk 0:47:25]}
18. Qe2 {[%clk 0:55:19]} 18... Nd3+ {[%clk 0:47:25]} 19. Kf1 {[%clk 0:55:31]}
19... Rd7 {[%clk 0:40:44]} 20. Rd1 {[%clk 0:54:56]} 20... Rad8 {[%clk 0:39:32]}
21. g4 {[%clk 0:52:44]} 21... Qe6 {[%clk 0:34:52]} 22. Kg2 {[%clk 0:50:04]}
22... Qc4 {[%clk 0:31:15]} 23. Qc2 {[%clk 0:48:58]} 23... c5 {[%clk 0:25:22]}
24. Nd2 {[%clk 0:38:24]} 24... Qd5+ {[%clk 0:23:29]} 25. e4 {[%clk 0:37:50]}
25... Qc6 {[%clk 0:23:10]} 26. f3 {[%clk 0:36:38]} 26... Bh6 {[%clk 0:18:42]}
27. Nc4 {[%clk 0:35:59]} 27... Qc7 {[%clk 0:17:26]} 28. Bg3 {[%clk 0:28:54]}
28... Nf4+ {[%clk 0:09:28]} 29. Kh2 {[%clk 0:28:04]} 29... Rd3 {[%clk 0:08:08]}
30. Bxf4 {[%clk 0:27:30]} 30... Bxf4+ {[%clk 0:08:25]} 31. Kg2 {[%clk 0:27:53]}
31... Qd7 {[%clk 0:08:12]} 32. Rxd3 {[%clk 0:27:58]} 32... Qxd3 {[%clk 0:08:36]
} 33. Qxd3 {[%clk 0:28:23]} 33... Rxd3 {[%clk 0:09:02]} 34. Rb1 {[%clk 0:28:15]
} 34... b6 {[%clk 0:08:28]} 1/2-1/2

[Event "DEM U10 2018"]
[Site "Willingen GER"]
[Date "2018.05.21"]
[Round "4"]
[White "Poschadel, Andreas Gregor"]
[Black "Aravindan, Midhulan"]
[Result "1-0"]
[Termination "normal"]
[Board "7"]
[WhiteElo "1771"]
[BlackElo "1446"]
[WhiteClock "00:08:46"]
[BlackClock "00:05:21"]
[PlyCount "73"]
[WhiteFideId "16204948"]
[BlackFideId "16237250"]
[EventCountry "GER"]
[EventRounds "11"]
[EventType "swiss"]
[EventDate "2018.05.19"]

1. e4 {[%clk 1:15:59]} 1... d5 {[%clk 0:57:00]} 2. exd5 {[%clk 1:16:22]} 2...
Qxd5 {[%clk 0:57:26]} 3. Nc3 {[%clk 1:16:38]} 3... Qa5 {[%clk 0:57:50]} 4. d4 {
[%clk 1:16:37]} 4... Nf6 {[%clk 0:58:15]} 5. Nf3 {[%clk 1:16:11]} 5... Bf5 {
[%clk 0:58:23]} 6. Bd3 {[%clk 1:14:55]} 6... Bg4 {[%clk 0:58:31]} 7. h3 { [%clk
1:14:59]} 7... Bxf3 {[%clk 0:58:20]} 8. Qxf3 {[%clk 1:15:14]} 8... c6 { [%clk
0:58:36]} 9. O-O {[%clk 1:14:28]} 9... e6 {[%clk 0:58:35]} 10. Ne2 { [%clk
1:13:36]} 10... Be7 {[%clk 0:56:27]} 11. b3 {[%clk 1:10:58]} 11... Nbd7 { [%clk
0:54:42]} 12. Bb2 {[%clk 1:06:16]} 12... Qc7 {[%clk 0:51:00]} 13. a4 { [%clk
1:03:09]} 13... O-O {[%clk 0:48:54]} 14. Rae1 {[%clk 0:54:20]} 14... Rad8
{[%clk 0:46:24]} 15. Ng3 {[%clk 0:52:22]} 15... c5 {[%clk 0:39:23]} 16. Ne4 {
[%clk 0:41:27]} 16... b6 {[%clk 0:36:06]} 17. Bc4 {[%clk 0:37:46]} 17... Nxe4 {
[%clk 0:33:34]} 18. Rxe4 {[%clk 0:30:13]} 18... Nf6 {[%clk 0:30:13]} 19. Rf4 {
[%clk 0:29:42]} 19... Qc8 {[%clk 0:27:18]} 20. dxc5 {[%clk 0:27:06]} 20... Qxc5
{[%clk 0:26:13]} 21. Re1 {[%clk 0:25:03]} 21... Qc8 {[%clk 0:24:00]} 22. Qg3 {
[%clk 0:20:38]} 22... Ne8 {[%clk 0:19:40]} 23. Rg4 {[%clk 0:11:59]} 23... g6 {
[%clk 0:18:12]} 24. Rf4 {[%clk 0:10:11]} 24... Bd6 {[%clk 0:15:07]} 25. Qc3 {
[%clk 0:08:17]} 25... e5 {[%clk 0:12:54]} 26. Rxe5 {[%clk 0:07:10]} 26... Bc5 {
[%clk 0:04:40]} 27. Rxe8 {[%clk 0:06:54]} 27... Rd1+ {[%clk 0:04:08]} 28. Kh2 {
[%clk 0:07:06]} 28... Bd4 {[%clk 0:04:00]} 29. Bxf7+ {[%clk 0:06:31]} 29... Kg7
{[%clk 0:04:07]} 30. Qxc8 {[%clk 0:06:42]} 30... Bxb2 {[%clk 0:03:59]} 31. Rxf8
{[%clk 0:06:53]} 31... Be5 {[%clk 0:04:07]} 32. Rg8+ {[%clk 0:07:16]} 32... Kh6
{[%clk 0:04:30]} 33. Qg4 {[%clk 0:07:07]} 33... Bxf4+ {[%clk 0:04:35]} 34.
Qxf4+ {[%clk 0:07:31]} 34... Kh5 {[%clk 0:05:01]} 35. Bxg6+ {[%clk 0:07:52]}
35... hxg6 {[%clk 0:05:00]} 36. Qg4+ {[%clk 0:08:17]} 36... Kh6 {[%clk 0:05:21]
} 37. Qxg6# {[%clk 0:08:46]} 1-0

[Event "DEM U10 2018"]
[Site "Willingen GER"]
[Date "2018.05.21"]
[Round "4"]
[White "Linnemann, Caspar"]
[Black "Kocharin, Timur"]
[Result "0-1"]
[Termination "normal"]
[Board "8"]
[WhiteElo "1408"]
[BlackElo "1280"]
[WhiteClock "01:02:29"]
[BlackClock "01:14:25"]
[PlyCount "34"]
[WhiteFideId "16200284"]
[BlackFideId "16240936"]
[EventCountry "GER"]
[EventRounds "11"]
[EventType "swiss"]
[EventDate "2018.05.19"]

1. e4 1... c5 {[%clk 1:15:43]} 2. Nf3 {[%clk 1:15:33]} 2... e6 {[%clk 1:16:03]}
3. d4 {[%clk 1:15:58]} 3... cxd4 {[%clk 1:16:24]} 4. Nxd4 {[%clk 1:16:23]} 4...
Bc5 {[%clk 1:16:37]} 5. Nb3 {[%clk 1:16:42]} 5... Bb6 {[%clk 1:16:48]} 6. Nc3 {
[%clk 1:17:02]} 6... Ne7 {[%clk 1:17:04]} 7. Bd3 {[%clk 1:17:19]} 7... Nbc6 {
[%clk 1:17:11]} 8. Bd2 {[%clk 1:16:01]} 8... O-O {[%clk 1:17:07]} 9. O-O {
[%clk 1:16:06]} 9... f5 {[%clk 1:16:38]} 10. exf5 {[%clk 1:15:19]} 10... Nxf5 {
[%clk 1:16:59]} 11. Na4 {[%clk 1:10:49]} 11... Bc7 {[%clk 1:16:24]} 12. Bc3 {
[%clk 1:08:48]} 12... Qh4 {[%clk 1:16:26]} 13. h3 {[%clk 1:08:22]} 13... Qf4 {
[%clk 1:16:28]} 14. g3 {[%clk 1:06:13]} 14... Nxg3 {[%clk 1:16:39]} 15. Bxh7+ {
[%clk 1:04:40]} 15... Kh8 {[%clk 1:14:26]} 16. Qg4 {[%clk 1:02:24]} 16... Ne2+
{[%clk 1:14:25]} 17. Qxe2 {[%clk 1:02:29]} 17... Qh2# 0-1

[Event "DEM U10 2018"]
[Site "Willingen GER"]
[Date "2018.05.21"]
[Round "4"]
[White "Sundui, Chinguun"]
[Black "Puchas, Henrik"]
[Result "1-0"]
[Termination "normal"]
[Board "9"]
[WhiteElo "1424"]
[BlackElo "1439"]
[WhiteClock "00:30:55"]
[BlackClock "00:17:14"]
[PlyCount "61"]
[WhiteFideId "4907930"]
[BlackFideId "16257995"]
[EventCountry "GER"]
[EventRounds "11"]
[EventType "swiss"]
[EventDate "2018.05.19"]

1. d4 {[%clk 1:15:57]} 1... d5 {[%clk 1:15:48]} 2. Nf3 {[%clk 1:16:20]} 2... e6
{[%clk 1:16:03]} 3. g3 {[%clk 1:16:39]} 3... Nf6 {[%clk 1:16:17]} 4. Bg2 {
[%clk 1:17:06]} 4... a6 {[%clk 1:16:16]} 5. O-O {[%clk 1:17:12]} 5... c5 {
[%clk 1:16:26]} 6. c4 {[%clk 1:14:24]} 6... dxc4 {[%clk 1:13:33]} 7. dxc5 {
[%clk 1:14:18]} 7... Qxd1 {[%clk 1:13:55]} 8. Rxd1 {[%clk 1:14:39]} 8... Bxc5 {
[%clk 1:14:19]} 9. Ne5 {[%clk 1:14:49]} 9... O-O {[%clk 1:13:30]} 10. Nxc4 {
[%clk 1:15:08]} 10... Nc6 {[%clk 1:13:30]} 11. a3 {[%clk 1:10:26]} 11... Bd7 {
[%clk 1:13:51]} 12. Nc3 {[%clk 1:09:25]} 12... Rac8 {[%clk 1:09:13]} 13. Bg5 {
[%clk 1:08:26]} 13... Rfd8 {[%clk 1:08:29]} 14. e3 {[%clk 0:55:07]} 14... h6 {
[%clk 1:07:21]} 15. Bxf6 {[%clk 0:54:53]} 15... gxf6 {[%clk 1:07:37]} 16. Ne4 {
[%clk 0:54:42]} 16... Be7 {[%clk 1:07:53]} 17. Ncd6 {[%clk 0:54:26]} 17... Rc7
{[%clk 1:07:50]} 18. Rac1 {[%clk 0:53:41]} 18... Kg7 {[%clk 1:04:39]} 19. b4 {
[%clk 0:41:05]} 19... Be8 {[%clk 0:46:17]} 20. Nxe8+ {[%clk 0:34:57]} 20...
Rxe8 {[%clk 0:46:26]} 21. Nc5 {[%clk 0:35:00]} 21... Bxc5 {[%clk 0:46:31]} 22.
Rxc5 {[%clk 0:35:27]} 22... Rec8 {[%clk 0:46:38]} 23. Rdc1 {[%clk 0:35:04]}
23... Kf8 {[%clk 0:40:43]} 24. a4 {[%clk 0:34:26]} 24... Ke7 {[%clk 0:16:26]}
25. b5 {[%clk 0:33:28]} 25... Kd6 {[%clk 0:16:07]} 26. bxc6 {[%clk 0:31:54]}
26... bxc6 {[%clk 0:16:08]} 27. Kf1 {[%clk 0:31:20]} 27... f5 {[%clk 0:16:19]}
28. Ke2 {[%clk 0:31:35]} 28... f6 {[%clk 0:16:41]} 29. e4 {[%clk 0:31:18]}
29... fxe4 {[%clk 0:16:58]} 30. Bxe4 {[%clk 0:31:37]} 30... f5 {[%clk 0:17:14]}
31. Bg2 {[%clk 0:30:55]} 1-0